Biblioteca y Centro de Documentación

Aspectos actuales del derecho industrial (Registro nro. 14950)

Detalles MARC
000 -CABECERA
Longitud fija campo de control 01829nam a2200481 c 4500
001 - NÚMERO DE CONTROL
Número de control 14950
003 - IDENTIFICADOR DE NÚMERO DE CONTROL
Identificador del número de control ES-MaCES
005 - FECHA Y HORA DE LA ÚLTIMA TRANSACCIÓN
Fecha y hora de la última transacción 20160606135528.0
008 - CAMPO FIJO DE DESCRIPCIÓN FIJA--INFORMACIÓN GENERAL
Códigos de información de longitud fija   030520s2002 sp t 000 | spa d
017 ## - NÚMERO DE REGISTRO DE DERECHOS DE AUTOR Y DEPÓSITO LEGAL
Número de copyright o de depósito legal GR 1553-2002
Agencia que asigna el número DL
020 ## - ISBN (INTERNATIONAL STANDARD BOOK NUMBER)
Número Internacional Normalizado para Libros (ISBN) 8484446069
035 ## - NÚMERO DE CONTROL DEL SISTEMA
Número de control del sistema CES20030005623m
040 ## - FUENTE DE CATALOGACIÓN
Centro catalogador de origen ES-MaCES
Lengua de catalogación spa
Centro transcriptor ES-MaCES
041 1# - CÓDIGO DE IDIOMA
Código de lengua del texto;banda sonora o título independiente spa
Código de lengua original ita
100 1# - ENCABEZAMIENTO PRINCIPAL--NOMBRE PERSONAL
Nombre de persona Ghidini, Gustavo
9 (RLIN) 13304
245 10 - MENCIÓN DE TÍTULO
Título Aspectos actuales del derecho industrial
Resto del título : propiedad intelectual y competencia
Mención de responsabilidad, etc. Gustavo Ghidini ; prólogo de Jerome H. Reichman ; presentación de la ed. española por José Miguel Embid Irujo ; traducción al español, Vanessa Martí Moya
260 ## - PUBLICACIÓN, DISTRIBUCIÓN, ETC (PIE DE IMPRENTA)
Lugar de publicación, distribución, etc. Granada
Nombre del editor, distribuidor, etc. Comares
Fecha de publicación, distribución, etc. 2002
300 ## - DESCRIPCIÓN FÍSICA
Extensión XXII, 257 p.
Dimensiones 22 cm
490 1# - MENCIÓN DE SERIE
Mención de serie Biblioteca Comares de ciencia jurídica
490 1# - MENCIÓN DE SERIE
Mención de serie Mercatura. Colección Estudios de Derecho Mercantil
Designación de volumen o secuencia 9
500 ## - NOTA GENERAL
Nota general Traducción de: Profili evolutivi del diritto industriale
504 ## - NOTA DE BIBLIOGRAFÍA, ETC.
Nota de bibliografía, etc. Bibliografía: p. 201-257
541 ## - NOTA DE LA FUENTE INMEDIANTE DE ADQUISICIÓN
Forma de adquisición Compra
650 #4 - ASIENTO SECUNDARIO DE MATERIA--TÉRMINO DE MATERIA
Término de materia o nombre geográfico como elemento inicial derecho
9 (RLIN) 27151
650 #4 - ASIENTO SECUNDARIO DE MATERIA--TÉRMINO DE MATERIA
Término de materia o nombre geográfico como elemento inicial propiedad intelectual
9 (RLIN) 29444
650 #4 - ASIENTO SECUNDARIO DE MATERIA--TÉRMINO DE MATERIA
Término de materia o nombre geográfico como elemento inicial derecho de patentes
9 (RLIN) 27168
650 #4 - ASIENTO SECUNDARIO DE MATERIA--TÉRMINO DE MATERIA
Término de materia o nombre geográfico como elemento inicial derecho de autor
9 (RLIN) 28931
650 #4 - ASIENTO SECUNDARIO DE MATERIA--TÉRMINO DE MATERIA
Término de materia o nombre geográfico como elemento inicial marca registrada
9 (RLIN) 27940
650 #4 - ASIENTO SECUNDARIO DE MATERIA--TÉRMINO DE MATERIA
Término de materia o nombre geográfico como elemento inicial mecanismo de control
9 (RLIN) 29918
650 #4 - ASIENTO SECUNDARIO DE MATERIA--TÉRMINO DE MATERIA
Término de materia o nombre geográfico como elemento inicial derecho mercantil
9 (RLIN) 27157
650 #4 - ASIENTO SECUNDARIO DE MATERIA--TÉRMINO DE MATERIA
9 (RLIN) 27897
Término de materia o nombre geográfico como elemento inicial competencia
650 #4 - ASIENTO SECUNDARIO DE MATERIA--TÉRMINO DE MATERIA
9 (RLIN) 27620
Término de materia o nombre geográfico como elemento inicial industria
653 10 - TÉRMINO DE INDEXACIÓN--NO CONTROLADO
Término no controlado Derecho mercantil
700 1# - ENCABEZAMIENTO SECUNDARIO--NOMBRE PERSONAL
Nombre de persona Reichman, Jerome H.
Término indicativo de función col.
9 (RLIN) 21861
700 1# - ENCABEZAMIENTO SECUNDARIO--NOMBRE PERSONAL
Nombre de persona Embid Irujo, Antonio
Término indicativo de función ed. lit.
9 (RLIN) 11263
700 1# - ENCABEZAMIENTO SECUNDARIO--NOMBRE PERSONAL
Nombre de persona Martí Moya, Vanessa
Término indicativo de función tr.
9 (RLIN) 17649
740 02 - ENCABEZAMIENTO SECUNDARIO--TÍTULO ANALÍTICO/RELACIONADO NO CONTROLADO
Título relacionado o analítico no controlado Profili evolutivi del diritto industriale
830 #0 - ENCABEZAMIENTO SECUNDARIO DE COLECCIÓN--TÍTULO UNIFORME
Título uniforme Biblioteca Comares de ciencia jurídica
9 (RLIN) 32174
830 #0 - ENCABEZAMIENTO SECUNDARIO DE COLECCIÓN--TÍTULO UNIFORME
Título uniforme Mercatura
Nombre de parte o sección de la obra Colección Estudios de Derecho Mercantil
Designación de volumen o secuencia 9
9 (RLIN) 33846
902 ## - CES. TIPO DE DOCUMENTO
Tipodoc (006$c Sirtex) LIB Libro
942 ## - ELEMENTOS KOHA
Fuente de clasificaión o esquema Clasificación propia del CES
Koha [por defecto] tipo de item Monografías
Parte de clasificación 6.0.11.
Existencias
Número de registro Signatura completa Tipo de item de Koha
051611 DPT-8021 Monografías
© CES, Consejo Económico y Social de España 2021